000 01047cam a22003253a 4500
001 16414839
003 OSt
005 20140310182256.0
008 971229s1997 nyu j 000 1 eng d
010 _a 00514619
020 _a0553492179 (pbk.) :
_c$4.50 ($5.99 Can.)
024 1 0 _a7678300450
_d49217
024 3 0 _a780553492170
_d50450
035 _a(OCoLC)ocm38137464
040 _aJED
_cJED
_dOCL
_dOCLCQ
_dDLC
050 0 0 _aPZ 7
_b.C455 1998
082 _aFIC
_bC36lh 1998
100 1 _aChandler, Elizabeth.
_920358
245 1 0 _aLove happens /
_cElizabeth Chandler.
260 _aNew York :
_bBantam Books,
_cc1998.
300 _a205 p. :
_c18 cm.
490 1 _aLove stories super edition
655 7 _aYoung adult fiction.
_2lcsh
_93735
655 7 _aLove stories.
_2gsafd
_92799
710 2 _aCopyright Paperback Collection (Library of Congress)
_5DLC
_9705
830 0 _aLove stories (Bantam Books (Firm)).
_pSuper edition.
_920359
906 _a7
_bcbc
_ccopycat
_d2
_encip
_f20
_gy-genrareb
942 _2lcc
_cBK-FIC
999 _c11476
_d11476